Intima media thickness as an early predictor of atherosclerosis in Egyptian children with familial mediterranean fever / (رقم التسجيلة. 60742)
[ عرض عادي ]
| 000 -LEADER | |
|---|---|
| fixed length control field | 02282cam a2200349 a 4500 |
| 003 - CONTROL NUMBER IDENTIFIER | |
| control field | EG-GiCUC |
| 005 - DATE AND TIME OF LATEST TRANSACTION | |
| control field | 20250223031719.0 |
| 008 - FIXED-LENGTH DATA ELEMENTS--GENERAL INFORMATION | |
| fixed length control field | 170502s2016 ua h f m 000 0 eng d |
| 040 ## - CATALOGING SOURCE | |
| Original cataloging agency | EG-GiCUC |
| Language of cataloging | eng |
| Transcribing agency | EG-GiCUC |
| 041 0# - LANGUAGE CODE | |
| Language code of text/sound track or separate title | eng |
| 049 ## - LOCAL HOLDINGS (OCLC) | |
| Holding library | Deposite |
| 097 ## - Thesis Degree | |
| Thesis Level | M.Sc |
| 099 ## - LOCAL FREE-TEXT CALL NUMBER (OCLC) | |
| Classification number | Cai01.11.28.M.Sc.2016.An.I |
| 100 0# - MAIN ENTRY--PERSONAL NAME | |
| Personal name | Andrew Nasif Tous Abdallah |
| 245 10 - TITLE STATEMENT | |
| Title | Intima media thickness as an early predictor of atherosclerosis in Egyptian children with familial mediterranean fever / |
| Statement of responsibility, etc. | Andrew Nasif Tous Abdallah ; Supervised Samia Salah Eldin Mahmoud , Nagwa Abdallah Ismail , Yomna Mohamed Farag |
| 246 15 - VARYING FORM OF TITLE | |
| Title proper/short title | سُمك بطانه الطبقة الوسطى من الوعاء الدموى كمتنبىء مبكر لتصلب الشرايين فى الأطفال المصريين المصابين بحمى البحر المتوسط |
| 260 ## - PUBLICATION, DISTRIBUTION, ETC. | |
| Place of publication, distribution, etc. | Cairo : |
| Name of publisher, distributor, etc. | Andrew Nasif Tous Abdallah , |
| Date of publication, distribution, etc. | 2016 |
| 300 ## - PHYSICAL DESCRIPTION | |
| Extent | 84 P. : |
| Other physical details | facsimiles ; |
| Dimensions | 25cm |
| 502 ## - DISSERTATION NOTE | |
| Dissertation note | Thesis (M.Sc.) - Cairo University - Faculty of Medicine - Department of Pediatrics |
| 520 ## - SUMMARY, ETC. | |
| Summary, etc. | This study is a case control study, its aim is to determine whether the carotid arterial wall thickness is a predictor of early atherosclerosis in FMFpatients compared to healthy controls. The study included 45 familial mediterranean fever patients as the cases group and 45 healthy children as the controls group. The study showed that the mean of the carotid intima media thickness is higher in the cases group (0.05) than the control group (0.04) with statistical significant difference. No correlation was found between CIMT and markers of subclinical inflammation as SAA,ESR and CRP.CIMT didn{u2019}t correlate with lipid profile. So carotid intima media thickness may be used as a tool in the prediction of any atherosclerotic burden in children with FMF |
| 530 ## - ADDITIONAL PHYSICAL FORM AVAILABLE NOTE | |
| Additional physical form available note | Issued also as CD |
| 653 #4 - INDEX TERM--UNCONTROLLED | |
| Uncontrolled term | Carotid intima media thickness |
| 653 #4 - INDEX TERM--UNCONTROLLED | |
| Uncontrolled term | Familial mediterranean fever |
| 653 #4 - INDEX TERM--UNCONTROLLED | |
| Uncontrolled term | Subclinical inflammation |
| 700 0# - ADDED ENTRY--PERSONAL NAME | |
| Personal name | Nagwa Abdallah Ismail , |
| Relator term | |
| 700 0# - ADDED ENTRY--PERSONAL NAME | |
| Personal name | Samia Salah Eldin Mahmoud , |
| Relator term | |
| 700 0# - ADDED ENTRY--PERSONAL NAME | |
| Personal name | Yomna Mohamed Farag , |
| Relator term | |
| 856 ## - ELECTRONIC LOCATION AND ACCESS | |
| Uniform Resource Identifier | <a href="http://172.23.153.220/th.pdf">http://172.23.153.220/th.pdf</a> |
| 905 ## - LOCAL DATA ELEMENT E, LDE (RLIN) | |
| Cataloger | Nazla |
| Reviser | Revisor |
| 905 ## - LOCAL DATA ELEMENT E, LDE (RLIN) | |
| Cataloger | Samia |
| Reviser | Cataloger |
| 942 ## - ADDED ENTRY ELEMENTS (KOHA) | |
| Source of classification or shelving scheme | Dewey Decimal Classification |
| Koha item type | Thesis |
| Source of classification or shelving scheme | Not for loan | Home library | Current library | Date acquired | Full call number | Barcode | Date last seen | Koha item type | Copy number |
|---|---|---|---|---|---|---|---|---|---|
| Dewey Decimal Classification | المكتبة المركزبة الجديدة - جامعة القاهرة | قاعة الرسائل الجامعية - الدور الاول | 11.02.2024 | Cai01.11.28.M.Sc.2016.An.I | 01010110071599000 | 22.09.2023 | Thesis | ||
| Dewey Decimal Classification | المكتبة المركزبة الجديدة - جامعة القاهرة | مخـــزن الرســائل الجـــامعية - البدروم | 11.02.2024 | Cai01.11.28.M.Sc.2016.An.I | 01020110071599000 | 22.09.2023 | CD - Rom | 71599.CD |